[Event "37th ECC Open 2022"]
[Site "Mayrhofen AUT"]
[Date "2022.10.05"]
[Round "3.5"]
[Board "3"]
[White "Gokerkan, Cem Kaan"]
[Black "Amin, Bassem"]
[Result "1/2-1/2"]
[WhiteTitle "IM"]
[BlackTitle "GM"]
[WhiteElo "2465"]
[BlackElo "2667"]
[WhiteTeam "Gokturk Satranc Spor Kulubu"]
[BlackTeam "Clichy-Echecs-92"]
[WhiteFideId "6336760"]
[BlackFideId "10601457"]
[EventDate "2022.10.03"]

1. e4 e5 2. Nf3 Nc6 3. Bc4 Nf6 4. Ng5 d5 5. exd5 Na5 6. Bb5+ c6 7. dxc6 bxc6 8.
Bd3 Nd5 9. Nf3 Bd6 10. O-O O-O 11. Re1 f5 12. Nxe5 Qf6 13. Nf3 g5 14. c4 Nf4 15.
Bf1 g4 16. d4 gxf3 17. Qxf3 Ne6 18. Qc3 Qh4 19. h3 c5 20. Qxa5 Nxd4 21. Nc3 f4
22. Re4 Nf3+ 23. gxf3 Bxh3 24. Bxh3 Qxh3 25. Ne2 Qxf3 26. Rxf4 Bxf4 27. Nxf4
Rae8 28. Bd2 Rf5 29. Rf1 Rg5+ 30. Kh2 Rg4 31. Rg1 Qxf2+ 32. Rg2 Qh4+ 33. Kg1
Rxg2+ 34. Kxg2 Re5 35. Qc7 Qg4+ 36. Kf2 Qh4+ 37. Kf3 Qh1+ 38. Ng2 Qf1+ 39. Kg3
Qd3+ 40. Kh4 Qd4+ 41. Bf4 Qf2+ 42. Bg3 Qf6+ 43. Kh3 Rh5+ 44. Bh4 Qe6+ 45. Kg3
Rf5 46. b3 h5 47. Qe7 Re5 48. Qxa7 Qg4+ 49. Kh2 Re2 50. Qb8+ Kf7 51. Qc7+ Ke8
52. Qd8+ Kf7 53. Qf6+ Kg8 54. Bg3 Rxa2 55. Qd8+ Kf7 56. Qd5+ Ke8 57. Qe5+ Kf7
58. Qd5+ Ke8 59. Qc6+ Kf7 60. Qc7+ Ke8 61. Qe5+ Kf7 62. Qxc5 Qf3 63. Qd5+ Qxd5
64. cxd5 Rd2 65. d6 Rb2 66. Bh4 Ke6 67. Be7 Kd7 68. Kg3 Rxb3+ 69. Kh4 Rd3 1/2-1/2

[Event "37th ECC Open 2022"]
[Site "Mayrhofen AUT"]
[Date "2022.10.05"]
[Round "3.5"]
[Board "4"]
[White "Vocaturo, Daniele"]
[Black "Firat, Burak"]
[Result "1/2-1/2"]
[WhiteTitle "GM"]
[BlackTitle "GM"]
[WhiteElo "2615"]
[BlackElo "2455"]
[WhiteTeam "Clichy-Echecs-92"]
[BlackTeam "Gokturk Satranc Spor Kulubu"]
[WhiteFideId "813192"]
[BlackFideId "6305881"]
[EventDate "2022.10.03"]

1. e4 e5 2. Nf3 Nc6 3. Bc4 Nf6 4. d3 Bc5 5. O-O d6 6. c3 a6 7. Re1 Ba7 8. a4 h6
9. Na3 O-O 10. Nc2 Ne7 11. Be3 Bxe3 12. Nxe3 Ng6 13. b4 c6 14. Bb3 Re8 15. Qc2
d5 16. c4 Be6 17. a5 d4 18. Nf1 Nh7 19. c5 Nf4 20. Bxe6 Rxe6 21. g3 Nh3+ 22. Kg2
N3g5 23. N1d2 Qd7 24. Ng1 f5 25. exf5 Re7 26. h4 Nf7 27. Ngf3 Rae8 28. Ne4 Qxf5
29. Nd6 Nxd6 30. cxd6 Rf7 31. Nxd4 Qd7 32. Nf3 Qxd6 33. Qc5 Qxc5 34. bxc5 Rfe7
35. Nd2 Rd8 36. Ra3 Rd5 37. Ne4 1/2-1/2

[Event "37th ECC Open 2022"]
[Site "Mayrhofen AUT"]
[Date "2022.10.05"]
[Round "3.5"]
[Board "5"]
[White "Ozen, Deniz"]
[Black "Van Wely, Loek"]
[Result "1/2-1/2"]
[WhiteTitle "IM"]
[BlackTitle "GM"]
[WhiteElo "2397"]
[BlackElo "2629"]
[WhiteTeam "Gokturk Satranc Spor Kulubu"]
[BlackTeam "Clichy-Echecs-92"]
[WhiteFideId "6349196"]
[BlackFideId "1000268"]
[EventDate "2022.10.03"]

1. e4 g6 2. d4 Bg7 3. Nc3 d6 4. Nf3 Nf6 5. Be2 O-O 6. O-O c6 7. a4 Qc7 8. h3
Nbd7 9. Be3 e5 10. dxe5 dxe5 11. Bc4 Re8 12. Qb1 Nf8 13. Ng5 Ne6 14. Nxe6 Bxe6
15. Qa2 Qa5 16. Bxe6 Rxe6 17. Qc4 Bf8 18. Rfd1 Rd6 19. Rxd6 Bxd6 20. Rd1 Be7 21.
Bg5 Rd8 22. Rxd8+ Qxd8 23. Be3 a6 24. b4 Nh5 25. b5 axb5 26. axb5 Qd7 27. bxc6
bxc6 28. Kh2 Ng7 29. Na4 Ne6 30. Qb3 Kg7 31. Nb6 Qc7 32. Nc4 Bc5 33. Bxc5 Nxc5
34. Qe3 Ne6 35. Qc3 f6 36. Na5 Nd4 37. Qc5 Nxc2 38. Nxc6 Nb4 39. Qxb4 Qxc6 40.
Qe7+ Kg8 1/2-1/2

[Event "37th ECC Open 2022"]
[Site "Mayrhofen AUT"]
[Date "2022.10.05"]
[Round "3.5"]
[Board "6"]
[White "Tregubov, Pavel V."]
[Black "Kamer, Kayra"]
[Result "1-0"]
[WhiteTitle "GM"]
[BlackTitle "IM"]
[WhiteElo "2548"]
[BlackElo "2354"]
[WhiteTeam "Clichy-Echecs-92"]
[BlackTeam "Gokturk Satranc Spor Kulubu"]
[WhiteFideId "4115341"]
[BlackFideId "6367879"]
[EventDate "2022.10.03"]

1. d4 Nf6 2. c4 g6 3. Nc3 Bg7 4. e4 d6 5. Nf3 O-O 6. Be2 e5 7. O-O Nbd7 8. Be3
exd4 9. Nxd4 Re8 10. f3 c6 11. Qd2 d5 12. exd5 cxd5 13. Rad1 Nb6 14. c5 Nc4 15.
Bxc4 dxc4 16. Bf2 Bd7 17. Ndb5 Be6 18. Qe2 Qa5 19. Nd6 Re7 20. Nxc4 Qa6 21. b3
Bxc4 22. Qxc4 Qxc4 23. bxc4 Rae8 24. Nb5 Re2 25. Nd6 Rb8 26. Rb1 Bf8 27. a3 b6
28. Rfd1 Rd8 29. cxb6 Rxd6 30. Rxd6 Bxd6 31. bxa7 Re8 32. Rb6 Be5 33. f4 Nd7 34.
Rb7 Bxf4 35. Rxd7 Ra8 36. Bd4 1-0

[Event "37th ECC Open 2022"]
[Site "Mayrhofen AUT"]
[Date "2022.10.05"]
[Round "3.6"]
[Board "1"]
[White "Kuzubov, Yuriy"]
[Black "Boruchovsky, Avital"]
[Result "1/2-1/2"]
[WhiteTitle "GM"]
[BlackTitle "GM"]
[WhiteElo "2612"]
[BlackElo "2548"]
[WhiteTeam "Schachclub Viernheim 1934e.V."]
[BlackTeam "Kfar Saba Chess Club"]
[WhiteFideId "14112906"]
[BlackFideId "2800055"]
[EventDate "2022.10.03"]

1. d4 Nf6 2. c4 e6 3. Nf3 d5 4. Nc3 c5 5. cxd5 cxd4 6. Qxd4 exd5 7. e4 dxe4 8.
Qxd8+ Kxd8 9. Ng5 Be6 10. Nxe6+ fxe6 11. Bg5 Nc6 12. Bc4 Ke7 13. Nxe4 Kf7 14.
Nd2 h6 15. Be3 Bd6 16. O-O-O Rhd8 17. Kb1 Ne5 18. Bb3 Neg4 19. Nc4 Nxe3 20.
Nxd6+ Ke7 21. Rde1 Rxd6 22. Rxe3 Rc8 23. Rhe1 Rcc6 24. h4 Nd5 25. Rg3 Kf7 26. a3
b5 27. Rf3+ Ke7 28. Rd3 Nf4 29. Rxd6 Rxd6 30. g3 Nd3 31. Re2 Nc5 32. Bc2 Kf6 33.
Re3 e5 34. Rf3+ Ke7 35. Rc3 Ne6 36. Be4 a5 37. Kc2 g5 38. hxg5 hxg5 39. Rc8 Kf6
40. g4 Nd4+ 41. Kd3 Ne6+ 42. Ke3 Rd1 43. f3 Re1+ 44. Kd2 Rg1 45. Rc6 Ke7 46. Rb6
Rg2+ 47. Kc3 Nd4 48. b4 Ne2+ 49. Kd2 Nd4+ 50. Kc3 Ne2+ 51. Kd2 1/2-1/2

[Event "37th ECC Open 2022"]
[Site "Mayrhofen AUT"]
[Date "2022.10.05"]
[Round "3.6"]
[Board "2"]
[White "Erenberg, Ariel"]
[Black "Fedorchuk, Sergey A."]
[Result "0-1"]
[WhiteTitle "IM"]
[BlackTitle "GM"]
[WhiteElo "2516"]
[BlackElo "2619"]
[WhiteTeam "Kfar Saba Chess Club"]
[BlackTeam "Schachclub Viernheim 1934e.V."]
[WhiteFideId "2811634"]
[BlackFideId "14102536"]
[EventDate "2022.10.03"]

1. Nf3 Nf6 2. g3 b6 3. Bg2 Bb7 4. O-O c5 5. c4 g6 6. d4 cxd4 7. Qxd4 Bg7 8. Nc3
d6 9. Rd1 Nbd7 10. Be3 a6 11. Rac1 Rc8 12. b3 O-O 13. Qh4 Re8 14. Bh3 Rb8 15. g4
Nf8 16. g5 N6d7 17. Nd5 e6 18. Nc3 Qe7 19. Ne4 Bxe4 20. Qxe4 b5 21. Qc6 bxc4 22.
bxc4 Bb2 23. Rc2 Ba3 24. Qxa6 Ra8 25. Qc6 Rec8 26. Qe4 Ra4 27. Qd3 Qd8 28. Bf4
d5 29. Nd2 Be7 30. Bg3 Ra3 31. Rc3 Nc5 32. Qc2 Rxc3 33. Qxc3 Bxg5 34. e3 Bf6 35.
Qc2 h5 36. cxd5 h4 37. Bf4 g5 38. dxe6 Ncxe6 39. Qb3 Rc3 40. Qa4 Rd3 41. Bf1
Rxd2 42. Rxd2 Qxd2 43. Bb8 Nd7 44. Qb5 Kg7 45. a4 Nxb8 46. Qxb8 Qa5 47. Qe8 Qb4
48. Qa8 Qg4+ 49. Kh1 Nc5 0-1

[Event "37th ECC Open 2022"]
[Site "Mayrhofen AUT"]
[Date "2022.10.05"]
[Round "3.6"]
[Board "3"]
[White "Wagner, Dennis"]
[Black "Gorshtein, Ido"]
[Result "1-0"]
[WhiteTitle "GM"]
[BlackTitle "IM"]
[WhiteElo "2570"]
[BlackElo "2471"]
[WhiteTeam "Schachclub Viernheim 1934e.V."]
[BlackTeam "Kfar Saba Chess Club"]
[WhiteFideId "24650684"]
[BlackFideId "2815532"]
[EventDate "2022.10.03"]

1. d4 Nf6 2. c4 e6 3. Nc3 Bb4 4. e3 O-O 5. Bd3 d5 6. a3 Bxc3+ 7. bxc3 dxc4 8.
Bxc4 c5 9. Ne2 Qc7 10. Bd3 Nc6 11. O-O e5 12. Ng3 Re8 13. Qc2 h6 14. f4 exd4 15.
cxd4 cxd4 16. e4 Ng4 17. Qe2 Bd7 18. e5 Ne3 19. Bxe3 dxe3 20. Rab1 Ne7 21. Qxe3
Rad8 22. Qxa7 Bc6 23. Be4 Rd2 24. Rf2 Rxf2 25. Qxf2 Rd8 26. Qc5 Qd7 27. Bxc6
Nxc6 28. Qe3 Qe6 29. h3 Qc4 30. Rc1 Qa6 31. Rc3 Ne7 32. Kh2 Nd5 33. Qd4 Nxc3 34.
Qxd8+ Kh7 35. Qc7 1-0

[Event "37th ECC Open 2022"]
[Site "Mayrhofen AUT"]
[Date "2022.10.05"]
[Round "3.6"]
[Board "4"]
[White "Rozen, Eytan"]
[Black "Maze, Sebastien"]
[Result "1/2-1/2"]
[WhiteTitle "IM"]
[BlackTitle "GM"]
[WhiteElo "2462"]
[BlackElo "2530"]
[WhiteTeam "Kfar Saba Chess Club"]
[BlackTeam "Schachclub Viernheim 1934e.V."]
[WhiteFideId "2816750"]
[BlackFideId "613762"]
[EventDate "2022.10.03"]

1. d4 Nf6 2. c4 g6 3. Nc3 Bg7 4. e4 d6 5. Be2 O-O 6. Be3 Nbd7 7. Nf3 e5 8. d5
Ng4 9. Bg5 f6 10. Bh4 h5 11. Nd2 Nh6 12. f3 Nf7 13. Qc2 Bh6 14. Bf2 a5 15. O-O-O
Nc5 16. Kb1 Bd7 17. h4 Kg7 18. Nf1 Rh8 19. g4 hxg4 20. fxg4 Bf4 21. h5 g5 22.
Ne3 Nh6 23. Nf5+ Nxf5 24. gxf5 Kh6 25. Nb5 b6 26. b3 Rg8 27. Rhg1 Qc8 28. Bg4
Na6 29. Qc3 Nc5 30. Qc2 Na6 31. Qc3 Nc5 32. Qc2 1/2-1/2

[Event "37th ECC Open 2022"]
[Site "Mayrhofen AUT"]
[Date "2022.10.05"]
[Round "3.6"]
[Board "5"]
[White "Libiszewski, Fabien"]
[Black "Mindlin, Alon"]
[Result "0-1"]
[WhiteTitle "GM"]
[BlackTitle "IM"]
[WhiteElo "2512"]
[BlackElo "2426"]
[WhiteTeam "Schachclub Viernheim 1934e.V."]
[BlackTeam "Kfar Saba Chess Club"]
[WhiteFideId "616834"]
[BlackFideId "2800071"]
[EventDate "2022.10.03"]

1. e4 e5 2. Nf3 Nc6 3. Bb5 a6 4. Ba4 Nf6 5. O-O Be7 6. d3 b5 7. Bb3 d6 8. a4 b4
9. a5 O-O 10. Nbd2 Be6 11. Nc4 Rb8 12. Be3 h6 13. h3 Qc8 14. Nfd2 d5 15. Ba4
dxc4 16. Bxc6 cxd3 17. cxd3 Bd7 18. Qa4 Bxh3 19. gxh3 Qxh3 20. Rfe1 b3 21. Qc4
Ng4 22. Nf1 Rbd8 23. f4 exf4 24. Bxf4 Bh4 25. Re2 Qf3 26. Rg2 Qxf4 27. Qxa6 Bf2+
28. Kh1 Bd4 29. Rg3 Rd6 30. Qb7 Ne3 0-1

[Event "37th ECC Open 2022"]
[Site "Mayrhofen AUT"]
[Date "2022.10.05"]
[Round "3.6"]
[Board "6"]
[White "Givon, Asaf"]
[Black "Tarlev, Konstantin"]
[Result "0-1"]
[WhiteTitle "IM"]
[BlackTitle "GM"]
[WhiteElo "2434"]
[BlackElo "2577"]
[WhiteTeam "Kfar Saba Chess Club"]
[BlackTeam "Schachclub Viernheim 1934e.V."]
[WhiteFideId "2801841"]
[BlackFideId "14114089"]
[EventDate "2022.10.03"]

1. e4 e5 2. Nf3 Nc6 3. Bb5 a6 4. Ba4 Nf6 5. O-O Be7 6. d3 b5 7. Bb3 d6 8. a4 Bd7
9. c3 O-O 10. Bc2 Re8 11. Re1 Bf8 12. Nbd2 h6 13. h3 Rb8 14. axb5 axb5 15. Nf1
d5 16. exd5 Nxd5 17. Ng3 Nb6 18. Bd2 Bc8 19. b4 Bb7 20. Nh2 Nd5 21. Ng4 Nf6 22.
Nf5 Kh8 23. d4 Nxg4 24. Qxg4 Qf6 25. h4 Bc8 26. Qf3 Bxf5 27. Qxf5 Qxf5 28. Bxf5
exd4 29. Rxe8 Rxe8 30. Bd7 Re2 31. Ra8 Kg8 32. Bf4 Re1+ 33. Kh2 Ne5 34. Bxe5
Rxe5 35. cxd4 Rd5 36. Bc6 Rxd4 37. g3 Rxb4 38. Kg2 Rb2 39. Rc8 b4 40. Rxc7 Rc2
41. Rc8 b3 42. Bd7 g6 43. Rb8 b2 44. Be8 Kg7 45. Rb7 Be7 46. h5 gxh5 47. Kf3 Rc8
48. Bxf7 Kxf7 49. Rxb2 h4 50. gxh4 Bxh4 51. Kg4 Bf6 52. Rb5 Kg6 53. Rd5 Rc1 54.
Rb5 h5+ 55. Kh3 Rc2 56. Kg3 Bd4 57. f4 Rc3+ 58. Kg2 Bc5 59. Rb2 Kf5 60. Ra2 Kg4
61. f5 Kxf5 62. Re2 Be3 63. Ra2 Kg4 64. Ra4+ Bf4 65. Ra2 Rc1 66. Ra3 h4 67. Rg3+
Kf5 68. Rb3 Rc2+ 69. Kh1 Kg4 70. Rb1 Kh3 71. Rb3+ Bg3 72. Rb1 Rh2+ 0-1

[Event "37th ECC Open 2022"]
[Site "Mayrhofen AUT"]
[Date "2022.10.05"]
[Round "3.7"]
[Board "1"]
[White "Heimann, Andreas"]
[Black "Tari, Aryan"]
[Result "1/2-1/2"]
[WhiteTitle "GM"]
[BlackTitle "GM"]
[WhiteElo "2573"]
[BlackElo "2656"]
[WhiteTeam "Schachgesellschaft Riehen"]
[BlackTeam "Offerspill Chess Club"]
[WhiteFideId "24624632"]
[BlackFideId "1510045"]
[EventDate "2022.10.03"]

1. d4 Nf6 2. c4 g6 3. Nc3 d5 4. cxd5 Nxd5 5. e4 Nxc3 6. bxc3 Bg7 7. Nf3 c5 8.
Bb5+ Nc6 9. O-O O-O 10. Bxc6 bxc6 11. Qc2 Qa5 12. Be3 Be6 13. Nd2 Rfb8 14. Nb3
Qa4 15. Rfc1 Bxb3 16. axb3 Qxb3 17. Qxb3 Rxb3 18. Ra6 Rb6 19. Rca1 Rxa6 20. Rxa6
cxd4 21. cxd4 Rd8 22. d5 cxd5 23. exd5 Rxd5 24. g3 g5 25. Rxa7 Bf6 26. Kg2 h5
27. Rc7 Kg7 28. Rc5 Rxc5 29. Bxc5 g4 30. h3 Kg6 31. hxg4 hxg4 32. Kf1 Kf5 33.
Ke2 Ke4 34. Ba3 Bg5 35. Bc5 e6 36. Bb6 f5 37. Bc5 Bf6 38. Bb6 Bd4 39. Bc7 Kd5
40. Bf4 Bc5 41. Bc7 e5 42. Ba5 Bd6 43. Bd2 Ke4 44. Ba5 Bc5 45. Bd2 Kd5 46. Ba5
e4 47. Bd2 Bd6 48. Be3 Be5 49. Bd2 Ke6 50. Be3 Bd6 51. Bd2 Bc5 52. Bc1 Kd5 53.
Bd2 e3 54. Bxe3 Bxe3 55. Kxe3 Ke5 56. Kd3 f4 57. gxf4+ Kxf4 58. Ke2 g3 59. fxg3+
Kxg3 1/2-1/2

[Event "37th ECC Open 2022"]
[Site "Mayrhofen AUT"]
[Date "2022.10.05"]
[Round "3.7"]
[Board "3"]
[White "Breder, Dennis"]
[Black "Christiansen, Johan-Sebastian"]
[Result "0-1"]
[WhiteTitle "IM"]
[BlackTitle "GM"]
[WhiteElo "2450"]
[BlackElo "2576"]
[WhiteTeam "Schachgesellschaft Riehen"]
[BlackTeam "Offerspill Chess Club"]
[WhiteFideId "4636945"]
[BlackFideId "1512668"]
[EventDate "2022.10.03"]

1. e4 e6 2. d4 d5 3. Nd2 c5 4. Ngf3 cxd4 5. Nxd4 Nc6 6. Bb5 Bd7 7. Nxc6 bxc6 8.
Bd3 Qc7 9. Qe2 Ne7 10. Nf3 Ng6 11. O-O Be7 12. Re1 O-O 13. exd5 cxd5 14. Ng5
Rae8 15. Qh5 Bxg5 16. Qxg5 f5 17. f4 d4 18. Bd2 Bc6 19. h4 Qb7 20. b4 Rf6 21.
Re2 Nh8 22. h5 Nf7 23. Qh4 Qb6 24. a4 Nd6 25. b5 Bd5 26. a5 Qc5 27. Rb1 Ne4 28.
Bb4 Qc7 29. Rd1 Rb8 30. Bxe4 fxe4 31. Rxd4 Rxb5 32. c3 Rxf4 33. Qh3 Qf7 34. Re1
h6 35. Qg3 Rf5 36. Qd6 e5 37. Rd2 e3 38. Qd8+ Kh7 39. Rxe3 Rf1+ 40. Kh2 Qxh5+
41. Rh3 Qf7 42. Qh4 Rb7 43. Rhd3 Rf5 44. Qe1 Bc6 45. Rd6 Rc7 46. Rd8 Rh5+ 47.
Kg1 Qf4 48. Rf8 Qh2+ 49. Kf1 Qh1+ 50. Ke2 Qxg2+ 51. Kd1 Rd7 52. Rf2 Rxd2+ 53.
Qxd2 Rh1+ 54. Kc2 Qe4+ 55. Kb2 Qb1+ 56. Ka3 Qa1+ 57. Kb3 Qa4+ 58. Kb2 Be4 0-1

[Event "37th ECC Open 2022"]
[Site "Mayrhofen AUT"]
[Date "2022.10.05"]
[Round "3.7"]
[Board "4"]
[White "Urkedal, Frode Olav Olsen"]
[Black "Georgiadis, Ioannis"]
[Result "1/2-1/2"]
[WhiteTitle "GM"]
[BlackTitle "IM"]
[WhiteElo "2523"]
[BlackElo "2467"]
[WhiteTeam "Offerspill Chess Club"]
[BlackTeam "Schachgesellschaft Riehen"]
[WhiteFideId "1506102"]
[BlackFideId "4208900"]
[EventDate "2022.10.03"]

1. d4 Nf6 2. c4 e6 3. Nf3 b6 4. g3 Bb7 5. Bg2 Bb4+ 6. Bd2 c5 7. Bxb4 cxb4 8. O-O
O-O 9. Qd3 d6 10. Nbd2 Qc7 11. Rfd1 Re8 12. Ne1 Nc6 13. Nc2 a5 14. a3 bxa3 15.
Qxa3 Red8 16. e4 e5 17. Qe3 Nxd4 18. Nxd4 exd4 19. Qxd4 Bc6 20. Nb1 b5 21. cxb5
Bxb5 22. Nc3 Bc6 23. Rd2 Rab8 24. Rad1 h6 25. e5 dxe5 26. Qc4 Rxd2 27. Rxd2 e4
28. Nxe4 Ne8 29. Rc2 Bxe4 30. Qxc7 Nxc7 31. Bxe4 Ne6 32. Bd5 Kf8 33. Bxe6 fxe6
34. Kf1 1/2-1/2

[Event "37th ECC Open 2022"]
[Site "Mayrhofen AUT"]
[Date "2022.10.05"]
[Round "3.7"]
[Board "5"]
[White "Cvitan, Ognjen"]
[Black "Haldorsen, Benjamin"]
[Result "1/2-1/2"]
[WhiteTitle "GM"]
[BlackTitle "IM"]
[WhiteElo "2446"]
[BlackElo "2449"]
[WhiteTeam "Schachgesellschaft Riehen"]
[BlackTeam "Offerspill Chess Club"]
[WhiteFideId "14500086"]
[BlackFideId "1512633"]
[EventDate "2022.10.03"]

1. d4 d5 2. c4 e6 3. Nc3 c6 4. e3 Nf6 5. Nf3 a6 6. b3 Bb4 7. Bd2 O-O 8. Bd3 Nbd7
9. O-O Bd6 10. Re1 h6 11. Rc1 e5 12. cxd5 cxd5 13. dxe5 Nxe5 14. Nxe5 Bxe5 15.
h3 d4 16. Ne4 dxe3 17. Bxe3 Bf5 18. Nc5 Bxd3 19. Nxd3 Bd4 20. Bxd4 Qxd4 21. Nc5
Qxd1 22. Rcxd1 b6 23. Nd7 Nxd7 24. Rxd7 Rfd8 25. Ree7 Rxd7 26. Rxd7 Rc8 27. Rd6
Rc1+ 28. Kh2 Rc2 29. a4 b5 30. f3 Rb2 31. Rxa6 Rxb3 32. axb5 1/2-1/2

[Event "37th ECC Open 2022"]
[Site "Mayrhofen AUT"]
[Date "2022.10.05"]
[Round "3.7"]
[Board "6"]
[White "Ranaldi, Lucas"]
[Black "Haag, Gregor"]
[Result "1/2-1/2"]
[WhiteTitle "FM"]
[WhiteElo "2369"]
[BlackElo "2316"]
[WhiteTeam "Offerspill Chess Club"]
[BlackTeam "Schachgesellschaft Riehen"]
[WhiteFideId "1519484"]
[BlackFideId "24680931"]
[EventDate "2022.10.03"]

1. c4 g6 2. e4 e5 3. d4 Nf6 4. Nf3 exd4 5. e5 Bb4+ 6. Bd2 Qe7 7. Bxb4 Qxb4+ 8.
Qd2 Qxd2+ 9. Nbxd2 Nh5 10. Nxd4 Nc6 11. N2f3 b6 12. Nxc6 dxc6 13. g3 c5 14. Bg2
Bb7 15. O-O Ke7 16. Rad1 Rad8 17. Ng5 Bxg2 18. Kxg2 Ng7 19. f4 h5 20. Kf2 Nf5
21. Nf3 Ke6 22. Ng5+ Ke7 23. Nf3 Ke6 24. Ng5+ 1/2-1/2

[Event "37th ECC Open 2022"]
[Site "Mayrhofen AUT"]
[Date "2022.10.05"]
[Round "3.8"]
[Board "1"]
[White "Noe, Christopher"]
[Black "Korobov, Anton"]
[Result "0-1"]
[WhiteTitle "IM"]
[BlackTitle "GM"]
[WhiteElo "2503"]
[BlackElo "2672"]
[WhiteTeam "De Sprènger Echternach"]
[BlackTeam "Silla - València Origin of Chess"]
[WhiteFideId "24692018"]
[BlackFideId "14105730"]
[EventDate "2022.10.03"]

1. d4 Nf6 2. c4 e6 3. Nc3 d5 4. cxd5 Nxd5 5. e4 Nxc3 6. bxc3 c5 7. a3 cxd4 8.
cxd4 e5 9. Nf3 exd4 10. Qxd4 Qxd4 11. Nxd4 Bc5 12. Nb5 Na6 13. Bc4 O-O 14. Bb2
Re8 15. e5 Be6 16. Bxe6 Rxe6 17. O-O Rb6 18. a4 Nb4 19. Rfd1 a6 20. Bd4 Rxb5 21.
axb5 Bxd4 22. Rab1 Bc5 23. bxa6 bxa6 24. Rbc1 Bf8 25. Rc7 a5 26. Rdd7 Re8 27. g3
g6 28. Rxf7 a4 29. Rf3 a3 30. Ra7 a2 31. Kg2 Bc5 32. Ra4 Rf8 33. e6 Rxf3 34.
Kxf3 Kf8 35. Ke4 Bxf2 36. Ke5 Ke7 37. Ra8 Nc6+ 0-1

[Event "37th ECC Open 2022"]
[Site "Mayrhofen AUT"]
[Date "2022.10.05"]
[Round "3.8"]
[Board "2"]
[White "Santos Latasa, Jaime"]
[Black "David, Alberto"]
[Result "1-0"]
[WhiteTitle "GM"]
[BlackTitle "GM"]
[WhiteElo "2677"]
[BlackElo "2521"]
[WhiteTeam "Silla - València Origin of Chess"]
[BlackTeam "De Sprènger Echternach"]
[WhiteFideId "2293307"]
[BlackFideId "4000013"]
[EventDate "2022.10.03"]

1. e4 c5 2. Nf3 d6 3. d4 cxd4 4. Nxd4 Nf6 5. Nc3 Nc6 6. Bg5 e6 7. Qd2 a6 8.
O-O-O Bd7 9. f3 Nxd4 10. Qxd4 Be7 11. Kb1 Qc7 12. g4 h5 13. gxh5 Rxh5 14. h4 b5
15. a3 Rc8 16. f4 Qc5 17. Qd2 Bc6 18. Bg2 b4 19. axb4 Qxb4 20. Rhe1 Rb8 21. b3
a5 22. Ka2 d5 23. Nxd5 Qa3+ 24. Kb1 a4 25. Nxe7 axb3 26. c4 Ra8 27. Qb2 Qxe7 28.
e5 Bxg2 29. exf6 gxf6 30. Qxg2 Ra2 31. Qc6+ Kf8 32. Bh6+ Rxh6 33. Qc8+ Kg7 34.
Rg1+ Rg6 35. Rxg6+ Kxg6 36. Qg8+ Kf5 37. Qh7+ Kg4 38. Rg1+ Kxf4 39. Qh6+ Kf3 40.
Qc1 Qc5 41. Qc3+ Kf2 42. Qg3+ Ke2 43. Qg4+ Kf2 44. Qg3+ Ke2 45. Qe1+ Kf3 46.
Qd1+ Kf4 47. Qg4+ Ke5 48. Qg3+ Kd4 49. Qf4+ Kd3 50. Qf3+ Kxc4 51. Rg4+ 1-0

[Event "37th ECC Open 2022"]
[Site "Mayrhofen AUT"]
[Date "2022.10.05"]
[Round "3.8"]
[Board "3"]
[White "Repplinger, Marc"]
[Black "Idani, Pouya"]
[Result "0-1"]
[BlackTitle "GM"]
[WhiteElo "2190"]
[BlackElo "2623"]
[WhiteTeam "De Sprènger Echternach"]
[BlackTeam "Silla - València Origin of Chess"]
[WhiteFideId "4651120"]
[BlackFideId "12510130"]
[EventDate "2022.10.03"]

1. d4 Nf6 2. c4 e6 3. Nc3 Bb4 4. e3 O-O 5. Bd2 c5 6. Nf3 cxd4 7. exd4 d5 8. a3
Bxc3 9. Bxc3 dxc4 10. Bxc4 b6 11. O-O Ba6 12. b3 Nd5 13. Bd2 Bb7 14. Re1 Nc6 15.
Rc1 Rc8 16. Bd3 h6 17. Re4 Nce7 18. Ne5 Rxc1 19. Qxc1 Nf5 20. Rg4 h5 21. Rg5 f6
22. Rxf5 exf5 23. Ng6 Re8 24. Qd1 Ne7 25. Qxh5 Qxd4 26. Qe2 Kf7 27. Nf4 Qa1+ 28.
Be1 Nd5 29. Qh5+ Ke7 30. Nxd5+ Bxd5 31. Kf1 Kd8 0-1

[Event "37th ECC Open 2022"]
[Site "Mayrhofen AUT"]
[Date "2022.10.05"]
[Round "3.8"]
[Board "4"]
[White "Alonso Rosell, Alvar"]
[Black "Carafizi, Vasile"]
[Result "1-0"]
[WhiteTitle "GM"]
[WhiteElo "2563"]
[BlackElo "2132"]
[WhiteTeam "Silla - València Origin of Chess"]
[BlackTeam "De Sprènger Echternach"]
[WhiteFideId "2270544"]
[BlackFideId "4002539"]
[EventDate "2022.10.03"]

1. d4 f5 2. Nc3 Nf6 3. Bg5 d5 4. Bxf6 exf6 5. e3 Be6 6. Bd3 c6 7. Qf3 g6 8. h3
Qd7 9. g4 fxg4 10. hxg4 Qg7 11. Nge2 Nd7 12. e4 O-O-O 13. exd5 cxd5 14. Nf4 Bg8
15. Nfxd5 f5 16. O-O-O Nf6 17. Nxf6 Qxf6 18. gxf5 Kb8 19. Be4 g5 20. Bxb7 Bb4
21. Nd5 Bxd5 22. Bxd5 g4 23. Qb3 Qb6 24. c4 h5 25. c5 Qh6+ 26. Kb1 Kc7 27. Be6
Rb8 28. Qg3+ Kb7 29. Qd6 Rh7 30. a3 Ba5 31. Rd3 1-0

[Event "37th ECC Open 2022"]
[Site "Mayrhofen AUT"]
[Date "2022.10.05"]
[Round "3.8"]
[Board "5"]
[White "Teloeken, Andreas"]
[Black "Forcen Esteban, Daniel"]
[Result "0-1"]
[BlackTitle "GM"]
[WhiteElo "2091"]
[BlackElo "2566"]
[WhiteTeam "De Sprènger Echternach"]
[BlackTeam "Silla - València Origin of Chess"]
[WhiteFideId "4627709"]
[BlackFideId "2288230"]
[EventDate "2022.10.03"]

1. Nf3 d5 2. c4 d4 3. b4 c5 4. e3 dxe3 5. fxe3 cxb4 6. d4 g6 7. Bd3 Bg7 8. Bb2
Nh6 9. O-O O-O 10. Qe2 Nd7 11. a3 bxa3 12. Rxa3 e5 13. d5 f5 14. Bc2 e4 15. Nd4
Nc5 16. Nd2 Ng4 17. Rb1 Bd7 18. Bc1 Qg5 19. N2b3 Nxb3 20. Raxb3 Be5 21. g3 b6
22. Bb2 h5 23. Nb5 h4 24. Bxe5 Nxe5 25. Qf2 hxg3 26. hxg3 Rf7 27. Nd4 Rh7 28. c5
Qh5 29. Qg2 bxc5 30. Ne6 Rc8 31. Nf4 Qh2+ 32. Kf2 Ng4+ 33. Kf1 g5 34. Ne6 Qxg2+
35. Kxg2 Rh2+ 36. Kg1 Rxc2 37. Nxg5 Rd2 38. Rb7 Rxd5 39. Rxa7 c4 0-1